| 000 | 00879cad a22001935a 4500 | ||
|---|---|---|---|
| 001 | L154324 | ||
| 008 | 111114s2011 xxkqr p 0 a0eng u | ||
| 035 | _a(Sirsi) u154324 | ||
| 041 | 0 | _aeng | |
| 110 | 2 | _aVinson and Elkins LLP | |
| 245 | 0 | 0 |
_aBuilding in China _bsome legal considerations _h[electronic resource] |
| 260 |
_a[S.l.] _bVinson and Elkins LLP _c2011 |
||
| 520 | _aChina's construction-related output is valued at US$1.4 trillion, equivalent to approximately 24 percent of China's GDP, this article looks at the legal barriers to foreign construction companies. | ||
| 590 | _aKA NTK | ||
| 651 | 4 | _aChina | |
| 690 | _aBUILT ENVIRONMENT-CONSTRUCTION MARKET | ||
| 856 | 4 | 0 |
_uhttps://www.mondaq.com/x/151074/Market+Commentaries/Building+In+China+Some+Legal+Considerations&email_access=on _zRegister and view the article free of charge at www.mondaq.com |
| 942 | _n0 | ||
| 999 |
_c112935 _d112935 |
||